[Event "IND-chT 37th"]
[Site "Bhopal"]
[Date "2017.02.03"]
[Round "2.3"]
[White "Surendran, N."]
[Black "Asem Indrajit, Singh"]
[Result "0-1"]
[WhiteElo "2120"]
[BlackElo "1753"]
[PlyCount "104"]
[EventDate "2017.02.02"]
[EventType "team-swiss"]
[EventRounds "9"]
[EventCountry "IND"]
[SourceTitle "CBM 176 Extra"]
[Source "ChessBase"]
[SourceDate "2017.03.02"]
[SourceVersion "1"]
[SourceVersionDate "2017.03.02"]
[SourceQuality "1"]
[WhiteTeam "Viyugam CA"]
[BlackTeam "SSCB"]
[WhiteTeamCountry "IND"]
[BlackTeamCountry "IND"]

1. d4 Nf6 2. Nf3 g6 3. g3 Bg7 4. c4 d6 5. Nc3 0-0 6. Bg2 Nc6 7. 0-0 e5 8. h3 h6 9. Be3 Kh7 10. Rc1 a6 11. a3 Rb8 12. b4 exd4 13. Nxd4 Nxd4 14. Bxd4 Be6 15. Nd5 Bxd5 16. cxd5 Re8 17. Rc4 Rc8 18. Qd2 Re7 19. Rfc1 Ne8 20. Be3 h5 21. Bg5 Bf6 22. Be3 Bg7 23. Bf3 Qd7 24. Kg2 Kg8 25. g4 hxg4 26. hxg4 f5 27. g5 Be5 28. Rh4 Rh7 29. Rh6 Rxh6 30. gxh6 Kh7 31. Bd4 Nf6 32. Rc3 Re8 33. Qc2 Re7 34. e3 Rf7 35. Rc4 Re7 36. Bxe5 dxe5 37. Rc5 e4 38. Be2 Nxd5 39. Bc4 c6 40. Bxd5 cxd5 41. Qc3 Kxh6 42. Rc8 Rh7 43. Rf8 Qe7 44. Rf6 Kg5 45. Rb6 Rh4 46. Qc8 Rg4+ 47. Kf1 Qg7 48. Qd8+ Kh5 49. Rf6 Rh4 50. Qd6 Kg5 51. Re6 Qa1+ 52. Ke2 Qb2+ 0-1